LIBRARY & INFORMATION CENTRE, KCAET, TAVANUR

ONLINE PUBLIC ACCESS CATALOGUE (OPAC)

Irrigation project planning of the proposed regulator - cum- bridge at Thrithala (Record no. 15338)

MARC details
000 -LEADER
fixed length control field 00557nam a22001817a 4500
082 ## - DEWEY DECIMAL CLASSIFICATION NUMBER
Classification number 631.587
Item number GOM/IR
100 ## - MAIN ENTRY--AUTHOR NAME
Personal name GOMATHY SAROJAM, M
245 ## - TITLE STATEMENT
Title Irrigation project planning of the proposed regulator - cum- bridge at Thrithala
260 ## - PUBLICATION, DISTRIBUTION, ETC. (IMPRINT)
Place of publication Tavanur
Name of publisher Kelappaji College of Agricultural Engineering and Technology
Year of publication 1990
300 ## - PHYSICAL DESCRIPTION
Number of Pages 121
500 ## - GENERAL NOTE
General note project report
520 ## - SUMMARY, ETC.
Summary, etc project report
650 ## - SUBJECT ADDED ENTRY--TOPICAL TERM
Topical Term project report
700 ## - ADDED ENTRY--PERSONAL NAME
Personal name Mini Jacob
700 ## - ADDED ENTRY--PERSONAL NAME
Personal name Preetha Raj
700 ## - ADDED ENTRY--PERSONAL NAME
Personal name Sathian K. K
942 ## - ADDED ENTRY ELEMENTS (KOHA)
Koha item type Project Report
Holdings
Withdrawn status Lost status Damaged status Home library Current library Date acquired Full call number Accession Number Koha item type
      KAUAET KAUAET 05/01/1990 631.587 GOM/IR 16575 Project Report
free website counter